00479 2200193 4500001002100000005001500021035002000036007000300056008004100059020001500100082001000115084001600125100001200141245004700153260003000200300002500230600001600255856001400271INLIS00000000000772920240612122023 a0010-0624000026ta240612 0  a9794892491 a635.6 a635.6 SET j0 aSetiadi1 aJenis dan Budi Daya Cabai Rawit /cSetiadi aJakarta :bSwadaya,c1995 a106 :bIlus ;c20 cm 4acabai rawit aKelas 635